Sử dụng phần mềm Autodesk - softdesk trongthiết kế đường ô tô theo tiêu chuẩn AASHTO/

Guardat en:
Dades bibliogràfiques
Autor principal: Trần Vĩnh Hưng, TS
Format: Llibre
Idioma:Vietnamese
Publicat: GTVT 2002
Etiquetes: Afegir etiqueta
Sense etiquetes, Sigues el primer a etiquetar aquest registre!
Thư viện lưu trữ: Mạng thư viện Đại học Đà Nẵng
LEADER 00701nam a2200265 4500
001 000028344
003 TR-H
005 20150403120000.0
008 150403s vm 000 vie
020 |c 0,0000 
040 |a notts 
100 |a Trần Vĩnh Hưng, TS 
245 |a Sử dụng phần mềm Autodesk - softdesk trongthiết kế đường ô tô theo tiêu chuẩn AASHTO/  |c Trần Vĩnh Hưng, An Hiệp. 
260 |b GTVT  |c 2002 
OWN |a LTT 
999 |a From the UDN01 
TYP |a Monograph 
TYP |a Printed language 
980 |a Mạng thư viện Đại học Đà Nẵng